Responses for show #503 - Wednesday, November 12, 1986

1986 Tournament of Champions quarterfinal game 3.

Contestants

Beryl Arbit, a legal assistant from Los Angeles, California

Mark Leinwand, a television business affairs executive from Los Angeles, California

Donald Burgo, a college teacher from St. Louis, Missouri

Jeopardy! Round responses

NEW YORK CITY
SAINTS
WOMEN FIRST
SPICY NAMES
SPORTS TRIVIA
FEET
    $100 3
subways

Donald
    $100 1
his head

Donald
    $100 21
(Alex: It happened in 1937.)

Pulitzer Prize

Donald
    $100 11
Sgt. Pepper

Mark
    $100 26
Czechoslovakia

Mark
    $100 16
women

Beryl
    $200 7
practice

Beryl
    $200 2
Judas

Mark
    $200 22
(Alex: Be more specific.)

parachute jump

Beryl
    $200 12
(Mark: Who is Mia Farrow?)
...
(Alex: Mia Farrow, though a wonderful actress, is not a spicy name. Sorry, Mia. No offense.)

Rosemary

MarkBeryl
    $200 17
big toe

Beryl
    $300 8
Staten Island

Donald
    $300 4
Cloth of Christ

Donald
    $300 23
Princess Anne

Donald
    $300 13
Juniper

Mark
    $300 18
corn

Beryl
    $400 9
Museum of Modern Art

Donald
    $400 5
St. Basil

Donald
    $400 24
test-tube baby

Mark
    $400 14
[Mark only shook his head no and had no response.]

Colonel Mustard

Mark
    $400 19
[There were audible groans from both the players and audience.]

feet of clay

Triple Stumper
    $500 10
Grand Central Station

Triple Stumper
    $500 6
(Mark: What is Poland?)

Hungary

DonaldMark
    $500 25
Ava Gardner

Donald
    $500 15
Cinnamon (Carter)

Beryl
    $500 20
chiropodist

Donald

Scores at the first commercial break (after clue 12):

Donald Mark Beryl
$2,100 -$400 $400

Scores at the end of the Jeopardy! Round:

Donald Mark Beryl
$3,500 $0 $1,700

Double Jeopardy! Round responses

SCIENCE
QUOTES
RULERS
COOKS & BOOKS
TEACHERS ON TV
YARDS
    $200 10
dividing (splitting in two)

Beryl
    $200 1
(Mark: What is we tang, uh, we first to deceive?)

we practice to deceive

MarkBeryl
    $200 2
Montezuma

Beryl
    $200 13
The Joy of Cooking

Beryl
    $200 7
Whitman High School

Beryl
    $200 26
yardstick

Mark
    $400 20
litmus

Beryl
    $400 17
the root of all evil

Donald
    $400 3
Solomon

Donald
    $400 14
Alice B. Toklas

Beryl
    $400 8
(Howard) Hesseman

Beryl
    $200 27
[The song heard was "For Your Love"]

The Yardbirds

Mark
    $600 21
neon

Triple Stumper
    $600 18
(Alex: You're on the plus side.)
(Mark: Heh, about time.)

Thoreau

Mark
    $600 4
(Mark: What is Russia?)

Bulgaria

DonaldMark
    $600 15
Paul Prudhomme

Donald
    $600 9
Professor Kingsfield

Mark
    $600 28
yard of ale

Donald
    $800 22
brain

Beryl
    $800 19
(Donald: Who is Charles Goren?)

Hoyle

Donald
Triple Stumper
    $800 5
Spain

Donald
    $800 16
Adelle Davis

Triple Stumper
    $600 11
English

Beryl
    $800 29
Montagnards

Mark
    $1000 23
(Edward) Jenner

Donald
    $1000 24
Ralph Waldo Emerson

Triple Stumper
    $1000 6
Catherine of Aragon

Beryl
    $1000 25
James Beard

Donald
    $1000 12
Fame

Beryl
    $1000 30
how many yards are there in a mile?

Beryl

Scores at the end of the Double Jeopardy! Round:

Donald Mark Beryl
$8,100 $1,600 $8,300

Final Jeopardy! Round responses

ANCIENT WONDERS
MarkWhat is Hanging Gardens Sphinx
$600
DonaldWhat is the Pharos of Alexandria?
$2,000
BerylWhat is the Sphinx?
$700
Pharos (Lighthouse) of Alexandria

Final scores:

Donald Mark Beryl
$10,100 $1,000 $7,600
Automatic semifinalist 3rd place: $1,000 if eliminated 2nd place: $1,000 if eliminated

Game dynamics:

Coryat scores:

Donald Mark Beryl
$8,100 $2,200 $8,500
19 R,
1 W
10 R
(including 1 DD),
5 W
(including 1 DD)
20 R
(including 1 DD),
0 W

Combined Coryat: $18,800

The J! Archive is created by fans, for fans. The Jeopardy! game show and all elements thereof, including but not limited to copyright and trademark thereto, are the property of Jeopardy Productions, Inc. and are protected under law. This website is not affiliated with, sponsored by, or operated by Jeopardy Productions, Inc. Join the discussion at JBoard.tv.